លោកយាយនិងក្របីខ្មៅ / (Record no. 8921)

MARC details
000 -LEADER
fixed length control field 01967nam a22002777a 4500
001 - CONTROL NUMBER
control field 8921
003 - CONTROL NUMBER IDENTIFIER
control field FISKH
005 - DATE AND TIME OF LATEST TRANSACTION
control field 20251212145946.0
008 - FIXED-LENGTH DATA ELEMENTS--GENERAL INFORMATION
fixed length control field 251031b cb ||||| |||| 00| 0 eng d
040 ## - CATALOGING SOURCE
Original cataloging agency FISKH
Language of cataloging khr
Transcribing agency FISKH
Modifying agency FISKH
050 ## - LIBRARY OF CONGRESS CALL NUMBER
Classification number PZ7
082 ## - DEWEY DECIMAL CLASSIFICATION NUMBER
Classification number 398.2
100 ## - MAIN ENTRY--PERSONAL NAME
Personal name Anonymous
245 ## - TITLE STATEMENT
Title លោកយាយនិងក្របីខ្មៅ /
Statement of responsibility, etc. By Anonymous
260 ## - PUBLICATION, DISTRIBUTION, ETC.
Place of publication, distribution, etc. Phnom Penh :
300 ## - PHYSICAL DESCRIPTION
Extent 16 pages :
Other physical details color illustrations ;
Dimensions 21 cm .
490 ## - SERIES STATEMENT
Series statement ពិភពរឿងនិទាន
505 ## - FORMATTED CONTENTS NOTE
Formatted contents note J <br/><br/>
520 ## - SUMMARY, ETC.
Summary, etc. មានដូនចាស់ម្នាក់រស់នៅជាមួយក្របីខ្មៅមួយក្បាល ។ ថ្ងៃមួយក្បួនរទេះដែលមាន500រទេះបានធ្វើដំណើរឆ្លងកាត់ផ្ទះដូនចាស់នោះ ។​ ប៉ុន្តែរទេះទាំងនោះជាប់ផុងមិនអាចឆ្លងកាត់ទន្លបាន​។ មេក្រុមបារម្ភជាខ្លាំងគាត់ក៏ស្វែងរកក្របីផ្សេងមកជួយ ។ គាត់ក៏បានជួបជាមួយក្របីដូនចាស់ ហើយក្របីក៏ព្រមជួយជាថ្នូរនេសពីរកាក់មាសក្នុងមួយរទេះ ។ ពេលចប់ការងារមេក្រុមបរទេះមិនគោរពសន្យាទេ​ដូចនេះវាក៏រារាំងមេក្រុមមិនអោយធ្វើដំនើរទៅមុខ
521 8# - TARGET AUDIENCE NOTE
Target audience note 500 <br/>
Source Lexile estimate <br/>
521 8# - TARGET AUDIENCE NOTE
Target audience note J <br/>
Source Raz-Plus <br/>
650 ## - SUBJECT ADDED ENTRY--TOPICAL TERM
Topical term or geographic name entry element លោកយាយនិងក្របីខ្មៅ
Form subdivision រឿងនិទានកុមារ
650 ## - SUBJECT ADDED ENTRY--TOPICAL TERM
Topical term or geographic name entry element Grandmother and black buffalo
Form subdivision Children's Stories
942 ## - ADDED ENTRY ELEMENTS (KOHA)
Source of classification or shelving scheme Dewey Decimal Classification
Koha item type Khmer Books
Suppress in OPAC No
Holdings
Withdrawn status Lost status Source of classification or shelving scheme Damaged status Not for loan Collection Home library Current library Shelving location Date acquired Total Checkouts Full call number Barcode Date last seen Copy number Price effective from Koha item type
    Dewey Decimal Classification     Khmer-English Bilingual / ភាសាខ្មែរ-អង់គ្លេស Footprints International School Library Network Toul Tom Poung Campus Footprints International School Library Network Toul Tom Poung Campus TTP Primary Khmer Bookshelves 10/31/2025   ANO PZ7 398.2 FISBK03884 10/31/2025 1 10/31/2025 Khmer Books
    Dewey Decimal Classification     Khmer-English Bilingual / ភាសាខ្មែរ-អង់គ្លេស Footprints International School Library Network Toul Tom Poung Campus Footprints International School Library Network Toul Tom Poung Campus TTP Primary Khmer Bookshelves 12/12/2025   ANO PZ7 398.2 FISBK03768 12/12/2025 2 12/12/2025 Khmer Books